[Event "Navarra-ch"]
[Site "Pamplona"]
[Date "2016.03.12"]
[Round "2"]
[White "Anguas Fanlo, Sergio"]
[Black "Zuniga Arraras, Marina"]
[Result "1-0"]
[WhiteElo "2027"]
[BlackElo "1780"]
[PlyCount "85"]
[EventDate "2016.03.05"]
[EventType "swiss"]
[EventRounds "8"]
[EventCountry "ESP"]
[SourceTitle "EXT 2018"]
[Source "ChessBase"]
[SourceDate "2017.10.13"]
[SourceVersion "1"]
[SourceVersionDate "2017.10.13"]
[SourceQuality "1"]

1. Nf3 Nf6 2. d4 d6 3. Bg5 Nbd7 4. e3 h6 5. Bh4 g5 6. Bg3 Ne4 7. Bd3 Nxg3 8. hxg3 Bg7 9. Bc4 e5 10. dxe5 Nxe5 11. Nxe5 Bxe5 12. c3 Qe7 13. Nd2 Bd7 14. Qb3 Bc6 15. e4 f5 16. 0-0-0 fxe4 17. Rde1 0-0-0 18. Bd5 Bxd5 19. Qxd5 Rdf8 20. Nxe4 Qg7 21. a4 a6 22. Nc5 dxc5 23. Rxe5 Rxf2 24. Qxc5 Qf7 25. Rhe1 Rf1 26. Qa7 Rxe1+ 27. Rxe1 Re8 28. Rxe8+ Qxe8 29. Qa8+ Kd7 30. Qxb7 Qe3+ 31. Kc2 Qxg3 32. Qd5+ Qd6 33. Qf3 Ke6 34. b4 Qd5 35. Qg4+ Qf5+ 36. Qxf5+ Kxf5 37. b5 axb5 38. a5 Kg4 39. a6 Kg3 40. a7 Kxg2 41. a8Q+ Kg3 42. Qc6 Kh2 43. Qxb5 1-0

[Event "ESP-ch U18"]
[Site "Salobrena"]
[Date "2015.07.31"]
[Round "8"]
[White "Redondo Benavente, Ana"]
[Black "Zuniga Arraras, Marina"]
[Result "1/2-1/2"]
[WhiteElo "1920"]
[BlackElo "1781"]
[PlyCount "134"]
[EventDate "2015.07.27"]
[EventType "swiss"]
[EventRounds "9"]
[EventCountry "ESP"]
[SourceTitle "EXT 2016"]
[Source "ChessBase"]
[SourceDate "2015.10.08"]
[SourceVersion "1"]
[SourceVersionDate "2015.10.08"]
[SourceQuality "1"]

1. e4 c5 2. c3 e6 3. d4 d5 4. e5 Qb6 5. Nf3 Nc6 6. a3 f6 7. Bd3 cxd4 8. cxd4 fxe5 9. dxe5 Nge7 10. 0-0 g6 11. Nc3 Bg7 12. Be3 Qd8 13. Bf4 0-0 14. Qd2 a6 15. Bh6 Nf5 16. Bxg7 Kxg7 17. b4 Nh4 18. Nxh4 Qxh4 19. f4 b5 20. g3 Qe7 21. Qb2 Bd7 22. Rfc1 Rab8 23. Bf1 Kg8 24. Bh3 Rfc8 25. Qb3 Nd4 26. Qa2 Nf5 27. Qd2 Rc4 28. Bxf5 gxf5 29. Ne2 Rbc8 30. Nd4 Be8 31. Kg2 Bf7 32. Nb3 Qc7 33. Nc5 Qc6 34. Kg1 Bh5 35. Qd3 Kf7 36. h3 Rg8 37. Kh2 Bg6 38. Rc3 Ra8 39. Rcc1 a5 40. Qd2 a4 41. Qd3 Rg8 42. Rc3 h5 43. h4 Ke7 44. Rac1 Rd8 45. Qf3 Rc8 46. Qd3 Be8 47. Rd1 Ra8 48. Qc2 Ra7 49. Rc1 Ra8 50. Nd3 Rc8 51. Nc5 Ra8 52. Qd2 Rc8 53. Qg2 Rc7 54. Rxc4 bxc4 55. Qd2 Qb5 56. Qf2 Rc6 57. g4 hxg4 58. h5 Kf8 59. Qh4 Rxc5 60. Qf6+ Kg8 61. Qxe6+ Bf7 62. Qxf5 c3 63. bxc5 Qe2+ 64. Kg1 Qe3+ 65. Kg2 Qf3+ 66. Kg1 Qe3+ 67. Kg2 Qf3+ 1/2-1/2

[Event "ESP-ch U16"]
[Site "Salobrena"]
[Date "2015.07.24"]
[Round "8"]
[White "Guerra Arrocha, Daniel"]
[Black "Zuniga Arraras, Marina"]
[Result "1-0"]
[WhiteElo "1989"]
[BlackElo "1781"]
[PlyCount "91"]
[EventDate "2015.07.20"]
[EventType "swiss"]
[EventRounds "9"]
[EventCountry "ESP"]
[SourceTitle "EXT 2016"]
[Source "ChessBase"]
[SourceDate "2015.10.08"]
[SourceVersion "1"]
[SourceVersionDate "2015.10.08"]
[SourceQuality "1"]

1. Nf3 e6 2. g3 Nf6 3. Bg2 d5 4. 0-0 c5 5. d3 Nc6 6. Nbd2 Be7 7. c3 Qc7 8. e4 b6 9. Re1 Bb7 10. Qe2 h6 11. Nf1 dxe4 12. dxe4 e5 13. Nh4 0-0 14. Nf5 Bd6 15. N1e3 Ne7 16. Nxe7+ Bxe7 17. Nd5 Nxd5 18. exd5 Bd6 19. Qh5 f5 20. c4 Qf7 21. Qe2 a6 22. b3 Rae8 23. Bb2 Bc8 24. a3 Qg6 25. Bf3 Qf7 26. Bc3 e4 27. Bg2 f4 28. Bxe4 f3 29. Qd3 Qh5 30. Bh7+ Kh8 31. Rxe8 Qxe8 32. Bg6 Qd7 33. Bh5 Qf5 34. Qxf5 Rxf5 35. Bg4 Rf8 36. Bxc8 Rxc8 37. Re1 b5 38. Re6 Rd8 39. Rxh6+ Kg8 40. Rg6 Rd7 41. h4 Kh7 42. h5 bxc4 43. bxc4 Bf8 44. Rxa6 Rb7 45. Bd2 Rb1+ 46. Kh2 1-0

[Event "ESP-ch U16"]
[Site "Salobrena"]
[Date "2015.07.23"]
[Round "6"]
[White "Morona Minguez, Miguel"]
[Black "Zuniga Arraras, Marina"]
[Result "1-0"]
[WhiteElo "1924"]
[BlackElo "1781"]
[PlyCount "109"]
[EventDate "2015.07.20"]
[EventType "swiss"]
[EventRounds "9"]
[EventCountry "ESP"]
[SourceTitle "EXT 2016"]
[Source "ChessBase"]
[SourceDate "2015.10.08"]
[SourceVersion "1"]
[SourceVersionDate "2015.10.08"]
[SourceQuality "1"]

1. e4 e5 2. Nf3 Nc6 3. Bb5 Nge7 4. 0-0 g6 5. c3 Bg7 6. d3 0-0 7. Re1 d6 8. h3 a6 9. Ba4 h6 10. d4 Kh7 11. dxe5 dxe5 12. Nbd2 Be6 13. Bc2 f5 14. Qe2 fxe4 15. Nxe4 Qc8 16. g4 Kg8 17. Nc5 Bd5 18. Be4 Bxe4 19. Qxe4 Kh7 20. Nd3 Rf6 21. Kg2 Rd6 22. Be3 Nd5 23. Ndxe5 Nxe3+ 24. Rxe3 Re6 25. Qd5 Nxe5 26. Nxe5 c6 27. Qd4 Qc7 28. Rae1 Rd8 29. Qf4 Rf8 30. Qg3 Ref6 31. Nd3 Qb6 32. R1e2 R6f7 33. Ne5 Bxe5 34. Qxe5 a5 35. Qd6 Rd8 36. Qg3 Rdf8 37. Re7 Qc5 38. Qe5 Qxe5 39. R2xe5 Kg7 40. Rxf7+ Kxf7 41. Rxa5 Rd8 42. Ra7 Rd7 43. a4 Ke6 44. a5 Kd6 45. a6 bxa6 46. Rxd7+ Kxd7 47. f4 Ke6 48. Kf3 Kd5 49. b3 c5 50. Ke3 a5 51. c4+ Kd6 52. Ke4 Ke6 53. f5+ gxf5+ 54. gxf5+ Kf6 55. Kf4 1-0

[Event "Pamplona Navarro-ch"]
[Site "Pamplona"]
[Date "2015.05.02"]
[Round "4"]
[White "Zozaya Albizu, Martin"]
[Black "Zuniga Arraras, Marina"]
[Result "0-1"]
[WhiteElo "1553"]
[BlackElo "1749"]
[PlyCount "56"]
[EventDate "2015.04.11"]
[EventType "swiss"]
[EventRounds "8"]
[EventCountry "ESP"]
[SourceTitle "EXT 2016"]
[Source "ChessBase"]
[SourceDate "2015.10.08"]
[SourceVersion "1"]
[SourceVersionDate "2015.10.08"]
[SourceQuality "1"]

1. c4 e5 2. Nc3 Nc6 3. Nf3 Bc5 4. e3 d6 5. Be2 Nge7 6. a3 a5 7. d4 exd4 8. exd4 Bb6 9. 0-0 0-0 10. Re1 Bg4 11. d5 Bxf3 12. Bxf3 Ne5 13. b3 Nf5 14. Ra2 Re8 15. Be4 Qf6 16. Qh5 g6 17. Bg5 Qg7 18. Qh3 Nd4 19. Ne2 f5 20. Nxd4 Bxd4 21. Bb1 Nf3+ 22. gxf3 Rxe1+ 23. Kg2 Rxb1 24. Re2 Bf6 25. Qh4 Rf8 26. Re6 Bxg5 27. Qxg5 Rxb3 28. Re7 Qc3 0-1

[Event "Navarra-ch"]
[Site "Pamplona"]
[Date "2014.05.31"]
[Round "8"]
[White "Iza Abete, Amaia"]
[Black "Zuniga Arraras, Marina"]
[Result "0-1"]
[WhiteElo "1968"]
[BlackElo "1661"]
[PlyCount "48"]
[EventDate "2014.03.29"]
[EventType "swiss"]
[EventRounds "8"]
[EventCountry "ESP"]
[SourceTitle "EXT 2016"]
[Source "ChessBase"]
[SourceDate "2015.10.08"]
[SourceVersion "1"]
[SourceVersionDate "2015.10.08"]
[SourceQuality "1"]

1. b3 e5 2. Bb2 Nc6 3. e3 d6 4. g3 Nf6 5. Bg2 Be7 6. d3 0-0 7. Ne2 Bg4 8. Qd2 d5 9. 0-0 Qc8 10. a3 Bh3 11. f4 Bxg2 12. Kxg2 Bd6 13. Nbc3 a6 14. Rac1 e4 15. dxe4 dxe4 16. Nd5 Ng4 17. c4 Ne7 18. Nec3 f5 19. b4 Nxd5 20. Nxd5 Rf7 21. Rfd1 Qe6 22. c5 Bf8 23. Qe2 Rd7 24. Qc4 Rxd5 0-1

[Event "Navarra-ch"]
[Site "Pamplona"]
[Date "2014.05.24"]
[Round "7"]
[White "Zuniga Arraras, Marina"]
[Black "Aguinaga Ruiz, Jesus Luis"]
[Result "1/2-1/2"]
[WhiteElo "1661"]
[BlackElo "1982"]
[PlyCount "67"]
[EventDate "2014.03.29"]
[EventType "swiss"]
[EventRounds "8"]
[EventCountry "ESP"]
[SourceTitle "EXT 2016"]
[Source "ChessBase"]
[SourceDate "2015.10.08"]
[SourceVersion "1"]
[SourceVersionDate "2015.10.08"]
[SourceQuality "1"]

1. e4 Nc6 2. d3 e5 3. g3 Bc5 4. Bg2 d6 5. Be3 Nf6 6. Nf3 Bg4 7. Nbd2 Qd7 8. a3 Bh3 9. Bxh3 Qxh3 10. Qe2 0-0-0 11. 0-0-0 Qe6 12. Kb1 h6 13. Nb3 Bb6 14. Rhe1 Rhe8 15. Bxb6 axb6 16. Nfd2 g5 17. f3 Nd7 18. Qf2 Nc5 19. d4 exd4 20. Nxd4 Qf6 21. Nxc6 bxc6 22. Qf1 Kb7 23. Nb3 Nxb3 24. cxb3 Qe6 25. Qc4 d5 26. exd5 Qf5+ 27. Qc2 Qxc2+ 28. Kxc2 cxd5 29. Rxd5 Rxe1 30. Rxd8 Re3 31. Rd3 Re2+ 32. Rd2 Re3 33. Rd3 Re2+ 34. Rd2 1/2-1/2

[Event "Navarra-chT Primera Gp1"]
[Site "Navarra"]
[Date "2012.10.20"]
[Round "2.2"]
[White "Sesma Irigoyen, Francisco"]
[Black "Zuniga Arraras, Marina"]
[Result "1/2-1/2"]
[WhiteElo "1806"]
[BlackElo "1613"]
[PlyCount "41"]
[EventDate "2012.10.13"]
[EventType "team-swiss"]
[EventRounds "5"]
[EventCountry "ESP"]
[SourceTitle "EXT 2014"]
[Source "ChessBase"]
[SourceDate "2013.11.20"]
[SourceVersion "1"]
[SourceVersionDate "2013.11.20"]
[SourceQuality "1"]
[WhiteTeam "Sancho El Fuerte Tiebas"]
[BlackTeam "Oberena III"]
[WhiteTeamCountry "ESP"]
[BlackTeamCountry "ESP"]

1. c4 e5 2. Nc3 Nc6 3. d3 Nf6 4. g3 Bc5 5. Bg2 d6 6. Nf3 Be6 7. Bg5 h6 8. Bxf6 Qxf6 9. 0-0 0-0 10. Ne4 Qe7 11. Nxc5 dxc5 12. Qa4 Bd7 13. Qc2 Rfe8 14. a3 Rab8 15. Rab1 Bg4 16. e3 Qf6 17. Nd2 Qe7 18. h3 Bd7 19. Ne4 Nd8 20. Nc3 c6 21. Kh2 1/2-1/2

[Event "ESP-ch U14"]
[Site "Salobrena"]
[Date "2012.07.11"]
[Round "4"]
[White "Zuniga Arraras, Marina"]
[Black "Ruperez Benito, Antonio"]
[Result "0-1"]
[WhiteElo "1566"]
[BlackElo "1812"]
[PlyCount "106"]
[EventDate "2012.07.09"]
[EventType "swiss"]
[EventRounds "9"]
[EventCountry "ESP"]
[SourceTitle "EXT 2014"]
[Source "ChessBase"]
[SourceDate "2013.11.20"]
[SourceVersion "1"]
[SourceVersionDate "2013.11.20"]
[SourceQuality "1"]

1. e4 c6 2. Nc3 d5 3. Nf3 dxe4 4. Nxe4 Nf6 5. Nxf6+ exf6 6. d4 Bd6 7. c3 Bg4 8. Be2 Nd7 9. Be3 Qc7 10. h3 Bh5 11. 0-0 0-0 12. Nh4 Bxe2 13. Qxe2 g6 14. Qg4 h5 15. Qe2 Rfe8 16. Qd3 f5 17. Nf3 Nf6 18. Ng5 Ne4 19. Nf3 Re7 20. Rfe1 Rae8 21. Bd2 c5 22. dxc5 Bxc5 23. Be3 Rd8 24. Bd4 Red7 25. Qe3 Bxd4 26. Nxd4 Qb6 27. Qe2 Re8 28. Qc2 Rde7 29. Rad1 Qc7 30. Re2 Ng5 31. Rde1 Ne6 32. Qd2 Nxd4 33. Rxe7 Nf3+ 34. gxf3 Rxe7 35. Rxe7 Qxe7 36. c4 Qh4 37. Qd5 Qg5+ 38. Kh2 Qe7 39. Qd4 b6 40. Qd3 Qe5+ 41. Kg2 Qxb2 42. Qb3 Qxb3 43. axb3 a5 44. Kg3 Kf8 45. Kf4 f6 46. Ke3 Ke7 47. Kd4 Kd6 48. Kc3 Kc5 49. Kd3 Kb4 50. Kc2 a4 51. bxa4 Kxc4 52. a5 bxa5 53. Kb2 Kd3 0-1